Chozrasčot vo výrobných hospodárskych strediskách priemyselného podniku záverečná práca postgraduálneho štúdia

Saved in:
Bibliographic Details
Main Author: Trenčan, Alojz
Corporate Author: Vysoká škola ekonomická v Bratislave
Other Authors: Laca, Karol
Format: Book
Language:Slovak
Published: Bratislava 1988
Tags: Add Tag
No Tags, Be the first to tag this record!

MARC

LEADER 00000nam a2200000 4500
001 c037986
005 20221219091638.1
041 0 |a slo 
044 |a SK 
245 1 0 |a Chozrasčot vo výrobných hospodárskych strediskách priemyselného podniku  |b záverečná práca postgraduálneho štúdia  |c Alojz Trenčan ; Ved. práce Karol Laca 
264 1 |a Bratislava  |c 1988 
300 |a 54 s. 
100 1 |a Trenčan, Alojz 
700 1 |a Laca, Karol 
710 2 |a Vysoká škola ekonomická v Bratislave